000
00293nam a2200121Ia 4500
008
190216s9999||||xx |||||||||||||| ||und||
100
_a
Rouse Ba Ll W W
245
0
_a
Mathematical Recreations& Essays
250
_a
11TH ED
260
_b
Magmillan &co Ltd
_c
1963
300
_a
418
942
_c
BK
999
_c
30399
_d
30399